000 00473nam a2200181Ia 4500
001 4921
005 20260306145830.0
008 260306t2010||||xx |||||||||||||| ||spa||
041 _aESP
082 _a331.252
_bO44
100 _aOlivera Angulo, Javier
_eAUT
245 0 _aRecuperando la solidaridad en el sistema de pensiones peruano:
_buna propuesta de reforma
260 _c2010
300 _a
_c21 cm.
650 _aGEN
654 _aCAN
942 _cLIB
_dJUS
_fJUS
_2ddc
_n
999 _c4921
_d4921